Europäische Automarken - Sudden Death - Statistiken

Allgemein
  • Dieses Quiz wurde 1.094 mal gespielt
  • Das Durchschnittsergebnis liegt bei 11 aus 17
Answers on the Grid
Answers color-coded by a green-red scale on the quiz's grid according to % correct below.
Aston Martin
Audi
Bentley
BMW
BYD
Cadillac
Chevrolet
Chrysler
Citroën
Dacia
Ferrari
Fiat
Ford
Honda
Hyundai
Kia
Lamborghini
Mercedes-Benz
Nissan
Opel
Renault
Rolls-Royce
Seat
Škoda
Subaru
Tata
Tesla
Toyota
Volkswagen
Volvo
 
Antwortstatistiken
Antwort % Korrekt
Audi
94%
BMW
94%
Ferrari
73%
Aston Martin
70%
Fiat
69%
Mercedes-Benz
69%
Citroën
68%
Bentley
65%
Volkswagen
65%
Lamborghini
63%
Opel
63%
Renault
61%
Škoda
61%
Volvo
57%
Seat
56%
Dacia
53%
Rolls-Royce
50%
Keine übereinstimmenden Quizze gefunden
Verteilung der Resultate
Anzahl Personen mit jedem Resultat
Perzentil nach korrekt beantworteten Fragen
Ihre Resultats-Entwicklung
Sie haben dieses Quiz noch nicht gespielt